| 000 | 00462cam a22001577a 4500 | ||
|---|---|---|---|
| 008 | 180718b2000 xxu||||| |||| 00| 0 eng d | ||
| 020 | _a8173913382 | ||
| 082 | _aO95x54 N134 | ||
| 100 | _aNagi, B.S. | ||
| 245 |
_aChild survival and safe motherhood experiences from India _cby B.S. Nagi |
||
| 260 |
_aDelhi _bKanishka _c2000 |
||
| 300 | _a224p. | ||
| 650 | _aMaternity - India | ||
| 650 | _aMotherhood - India | ||
| 650 | _aChildren - Health and hygiene - India | ||
| 999 |
_c391937 _d391937 |
||